000 00516nam a2200193Ia 4500
003 GCL
008 140319s9999 xx 000 0 eng d
040 _aGCL /
_cGCL
082 0 4 _a303.64
_bS S
100 1 _aSKOCPOL, THEDA
245 1 0 _aSOCIAL REVOLUTIONS IN THE MODERN WORLD /
_cSKOCPOL, THEDA
700 1 _aSKACPOL, THEDA
260 _a[S.N] :
_bCAMBRIDGE UNIVERSITY PRESS ،
_c1994
300 _a354 P
650 0 4 _aSOCIAL HISTORY
650 0 4 _aECONOMIC HISTORY
650 0 4 _aREVOLUTION
942 _2ddc
_cBK
999 _c24575
_d24575